00442nam a22001577a 4500003000400000005001700004008004100021020001700062050002400079082002400103100001900127245005100146260004200197300002300239650002200262OSt20140310182033.0130814t xxu||||| |||| 00| 0 eng d a0671834770  aBF 636b.Se438 1964 aHS b155.2 Se1 1974 aSeabury, David aThe art of selfishness / cby David Seabury.  aNew York : bPocket Books, cc1974.  a253 p. :c18 cm.  aSelf--perception